00980nam a2200265 a 450000100100000000500170001000800410002702000150006804000250008304100380010808200190014624501460016526000440031130000270035553400520038265100450043465100430047965000340052270000210055670000240057770000230060170000240062470000360064870000300068400002485820200930023419.0100712s1984 mx 000 0 spa d a9686677089 aDO-SdBNPbspacBNPHU17aenghspa2Código de idioma MARC a330.973bS491n00aServicios :bla nueva economía /cThomas M. Stanback ... [et al.] ; editado por David Martínez Cabello, traducción Agustín Bárcena. aMéxico, D. F. :bPubligrafics,c1984. axvii, 156 p. ;c25 cm. aTítulo original :tServices, the new economy. 4aEstados UnidosxCondiciones Económicas 4aEstados UnidosxPolítica Económica 4aMercadotecniazEstados Unidos1 aBearse, Peter J.1 aNoyelle, Thierry J.1 aKarasek, Robert A.1 aStanback, Thomas M.1 aMartínez Cabello, David,eed.1 aBárcena, Agustínetr.